000
00202nam a22000977a 4500
082
_a
001
_b
SIE/G
100
S
_a
GOVT. OF INDIA
245
_a
SIET KERALA, GENERAL SUBJECTS
520
_a
REFERENCE
942
_c
BK
999
_c
7954
_d
7954